Normal view
MARC view
Entry Personal Name
001 - CONTROL NUMBER
- control field: 43427
003 - CONTROL NUMBER IDENTIFIER
- control field: dpl
005 - DATE AND TIME OF LATEST TRANSACTION
- control field: 20120305123119.0
008 - FIXED-LENGTH DATA ELEMENTS
- fixed length control field: 120305|||a|||||| | ||| d
040 ## - CATALOGING SOURCE
- Original cataloging agency: dpl
- Transcribing agency: dpl
100 ## - HEADING--PERSONAL NAME
- Personal name: भट्टाचार्य, प्रमथनाथ
670 ## - SOURCE DATA FOUND
- Source citation: Work cat.: (dpl): भट्टाचार्य, प्रमथनाथ, भारत के महान साधक /, 1982
670 ## - SOURCE DATA FOUND
- Source citation: Work cat.: (dpl): भट्टाचार्य, प्रमथनाथ, भारत के महान साधक /, 1982
